Nordic Business Report

Bibliographic Details
Format: eBook
Language:English
Published: Londres: Normans Media Ltd., 2014 -
Subjects:
Online Access:Acceso restringido

MARC

LEADER 00000nam a22000007a 4500
005 20191018125521.0
007 cr|||| ||||
008 191018c20149999gb dr|w s|||| 0|||b1eng d
035 |a 3788 
040 |a vLex 
090 |c 9912  |d 9912 
245 0 0 |a Nordic Business Report  |h [Recurso electrn̤ico] / 
256 |a Servicio en ln̕ea 
260 |a Londres:  |b Normans Media Ltd.,  |c 2014 - 
300 |a 1 recurso electrn̤ico 
310 |a Diaria 
506 1 |a Disponible solo en los productos indicados  |d vLex Global  |d vLex Global (Academic Edition, excluding Law Schools)  |d vLex Global (U.S. Academic Edition, Law Schools)  |d vLex Global (U.S. Academic Edition, excluding Law Schools)  |d vLex Global (Academic Edition, Law Schools) 
650 0 4 |a Economa̕ y negocios  |z Reino Unido 
740 0 |a vLex Revistas (Servicio en ln̕ea) 
856 4 0 |u http://vlex.com/source/3788  |z Acceso restringido 
942 |c REV 
999 0 |a Economy and business